|
|
|
|
| LEADER |
01107nam a2200313 4500 |
| 001 |
761 |
| 003 |
BD-DhAAL |
| 005 |
20150911201247.0 |
| 008 |
150911s1974 njua b 001 0 eng |
| 010 |
|
|
|a 73013995
|
| 020 |
|
|
|a 0876922515
|
| 020 |
|
|
|a 0137329172
|
| 040 |
|
|
|a DLC
|c DLC
|d DLC
|d BD-DhAAL
|
| 050 |
0 |
0 |
|a LB1051
|b .D352 1974
|
| 060 |
|
|
|a LB1051 D292p 1972
|
| 082 |
0 |
0 |
|a 370.15
|
| 100 |
1 |
|
|a De Cecco, John P.
|9 14571
|
| 245 |
1 |
4 |
|a The psychology of learning and instruction: educational psychology
|c [by] John P. DeCecco [and] William R. Crawford.
|
| 250 |
|
|
|a 2d ed.
|
| 260 |
|
|
|a Englewood Cliffs, N.J.,
|a New Delhi,
|b Prentice-Hall
|c 1988
|
| 300 |
|
|
|a xviii, 604 p.
|b illus.
|c 24 cm.
|
| 504 |
|
|
|a Includes bibliographies.
|
| 541 |
|
|
|e 761
|
| 650 |
|
0 |
|a Educational psychology.
|9 10588
|
| 650 |
|
2 |
|a Psychology, Educational.
|9 14572
|
| 700 |
1 |
|
|a Crawford, William R.,
|d 1936-
|e joint author.
|9 14573
|
| 942 |
|
|
|2 ddc
|c BK
|
| 999 |
|
|
|c 35507
|d 35507
|
| 952 |
|
|
|0 0
|1 0
|2 ddc
|4 0
|6 370_150000000000000_DEC
|7 0
|9 55847
|a SCL
|b SCL
|c GEN
|d 2015-09-11
|g 89.00
|l 0
|o 370.15 DEC
|p 3020000761
|r 2015-09-11
|t 1
|w 2015-09-11
|y BK
|